000 00737nam a2200253 a 4500
001 adlib96000001
003 ViArRB
005 200902210153555.7
008 960221s1955 dcuabcdjdbkoqu001 0deng d
020 _a1-4020-1650-6
022 _a
040 _aAdlib
082 _a164.02
245 _aSign levels: language and its evolutionary antecedents
250 _a
260 _aDordrecht
_bKluwer Academic Publishers
_c2003
300 _axi, 256p.
_c
500 _a
100 _aClarke, D. S.
_e
700 _a
_a
942 _cBK
653 _aSemiotic- Methodology
_aComsigns
_aLanguage- Evolution
_aSign levels
952 _w2010-06-16
_p00053001
_r2010-06-16
_40
_00
_bUL
_10
_o164.02 CLA
_d2010-06-16
_70
_yBK
_aUL
999 _c48977
_d48976